000 00482nam a2200181Ia 4500
001 9282
005 20260306161707.0
008 260306t2014||||xx |||||||||||||| ||spa||
041 _aESP
082 _a378.07
_bB52
100 _aBianchini, Paolo
_eAUT
245 0 _aDe los colegios a las universidades:
_blos Jesuitas en el ámbito de la educación superior
260 _c2014
300 _a400 páginas :
_c23 cm.
650 _aGEN
654 _aCED
942 _cLIB
_dJUS
_fJUS
_2ddc
_n
999 _c9282
_d9282